HIV treatments directory. -- 28th ed. (Record no. 31704)

MARC details
000 -LEADER
fixed length control field 00752nam a2200205 a 4500
008 - FIXED-LENGTH DATA ELEMENTS--GENERAL INFORMATION
fixed length control field 120220s2010 ||||||||||||||||| || u
020 ## - INTERNATIONAL STANDARD BOOK NUMBER
International Standard Book Number 9780955820083
050 ## - LIBRARY OF CONGRESS CALL NUMBER
Classification number RC 606 Hiv
100 ## - MAIN ENTRY--PERSONAL NAME
Personal name Differding, Virginia
245 10 - TITLE STATEMENT
Title HIV treatments directory. -- 28th ed.
Statement of responsibility, etc. edited by Virginia Differding
246 ## -
-- National AIDS manual
250 ## - EDITION STATEMENT
Edition statement 28th ed.
260 ## - PUBLICATION, DISTRIBUTION, ETC.
Place of publication, distribution, etc. London
Name of publisher, distributor, etc. NAM
Date of publication, distribution, etc. 2010
300 ## - PHYSICAL DESCRIPTION
Extent iv, 555p.: ill. + DC-ROM
350 ## -
-- 0.00
500 ## - GENERAL NOTE
General note Accompanied by CD-ROM
650 ## - SUBJECT ADDED ENTRY--TOPICAL TERM
Topical term or geographic name entry element HIV (VIRUSES)--PERIODICALS
650 ## - SUBJECT ADDED ENTRY--TOPICAL TERM
Topical term or geographic name entry element HIV (VIRUSES)--TREATMENT--GREAT BRITAIN--PERIODICALS
995 ## -
-- REFERENCE BOOKS
-- 901549
-- CBU-SCHOOL OF MEDICINE LIBRARY (Ndola)
-- 0.00
-- RC 606 Hiv
-- 1
-- AVAILABLE
-- Jun 29, 2012
-- 901549
-- Reference Collection
999 ## -
-- 31704
-- 31704
Holdings
Withdrawn status Lost status Source of classification or shelving scheme Damaged status Not for loan Permanent Location Current Location Shelving location Date acquired Total Checkouts Full call number Barcode Date last seen Price effective from Koha item type
          CBU-SCHOOL OF MEDICINE LIBRARY, NDOLA. CBU-SCHOOL OF MEDICINE LIBRARY, NDOLA.   11/30/2022   RC 606 Hiv 901549 11/30/2022 11/30/2022 MONOGRAPH